000 00421nam a2200169 a 4500
001 2484
003 CO-ViMGA
008 141112s2004 ck r 000 u spa d
040 _aCO-ViMGA
_bspa
_cCO-ViMGA
082 0 4 _a574.1925 W473
100 1 _aWiseman, Alan
245 1 0 _aManual de biotecnologia de los enzimas
260 _aZaragoza :
_bAcribia,
_c1991
300 _a444 p : il
650 1 4 _aENZIMAS
942 _2ddc
_cBK
999 _c14563
_d14563